ダイナマイト野球クイズ② - Statistics

General Stats
  • This quiz has been taken 12 times
  • The average score is 9 of 14
Answer Stats
Hint Answer % Correct
エレファンツ 伊達
90%
モンキーズ 丹羽
80%
ドックス 綱島
80%
ファルコンズ 鈴木
70%
シャークス 藤代
70%
シャークス 大塚
70%
リザーズ 脇坂
70%
ラビッツ 白戸
70%
モンキーズ 中川
60%
アリゲーターズ 宇賀神
50%
アリゲーターズ 三角
50%
ラビッツ 徳田
50%
リザーズ 米村
40%
エレファンツ 蔵野
30%
No matching quizzes found
Score Distribution
Percent of People with Each Score
Percentile by Number Answered
Your Score History
You have not taken this quiz